| 000 | 00359nam a2200145 i 4500 | ||
|---|---|---|---|
| 001 | bg | ||
| 245 | 0 |
_aBauen mit Kunstoffen : _bBaustoffe, Bauteile, Handelsnamen, Firmenregister. |
|
| 250 | _a2 Aufl. | ||
| 260 |
_aHannover, _c1970. |
||
| 040 | _cBPK | ||
| 041 | _apol | ||
| 080 | _a624.01:691.1 | ||
| 942 | _cKS | ||
| 008 | s pl f |000 0 pol | ||
| 999 |
_c14227 _d14227 |
||
| 856 |
_uhttp://koha.tu.koszalin.pl/cgi-bin/koha/opac-detail.pl?biblionumber=14227 _yKatalog online BPK |
||